000 01235cam a2200133 4500500
005 20260329023202.0
041 _afre
042 _adc
100 1 0 _aCoslin, Pierre G.
_eauthor
245 0 0 _aPsychologie de l'adolescent
260 _bArmand Colin,
_c2017.
520 _aQu’est-ce que l’adolescence ? Une période de passage de l’état d’enfant à celui d’adulte marquée par d’importantes transformations somatiques qui, parallèlement à une poussée instinctuelle, rapprochent l’enfant de l’homme ou de la femme au plan physique, alors que les contraintes et conventions sociales le maintiennent dans son statut antérieur. Une période donc de transition, de changements qui bouleversent l’équilibre du sujet et engendrent de nouveaux modes d’être au monde.Le présent ouvrage, régulièrement réactualisé, aborde résolument, sous ses différents angles, l’ensemble de la problématique. Il constitue de ce fait une synthèse riche en éléments de réponse, et une ressource essentielle pour démonter les mythologies ambiantes et triompher des préjugés, voire des peurs.
856 4 1 _uhttps://shs.cairn.info/psychologie-de-l-adolescent--9782200617769?lang=fr&redirect-ssocas=7080
999 _c1925338
_d1925338